PHYSIOLOGY OF EXERCISE AND HEALTY AGING (Record no. 33132)
[ view plain ]
| 000 -LEADER | |
|---|---|
| fixed length control field | 00422nam a22001697a 4500 |
| 003 - CONTROL NUMBER IDENTIFIER | |
| control field | SGT |
| 020 ## - INTERNATIONAL STANDARD BOOK NUMBER | |
| International Standard Book Number | 9781492597254 |
| 082 ## - DEWEY DECIMAL CLASSIFICATION NUMBER | |
| Classification number | 612.044 |
| Item number | P22T |
| 100 ## - MAIN ENTRY--PERSONAL NAME | |
| Personal name | TAYLOR, ALBERT W. |
| 245 ## - TITLE STATEMENT | |
| Title | PHYSIOLOGY OF EXERCISE AND HEALTY AGING |
| 250 ## - EDITION STATEMENT | |
| Edition statement | 2ND |
| 260 ## - PUBLICATION, DISTRIBUTION, ETC. (IMPRINT) | |
| Place of publication, distribution, etc | USA |
| Name of publisher, distributor, etc | HUMAN KINETICS PUB |
| Year of Publication | 2022 |
| 300 ## - PAGE DESCRIPTION | |
| No. of Pages | 393 |
| 650 ## - SUBJECT ADDED ENTRY--TOPICAL TERM | |
| Topical term or geographic name as entry element | SPORTS THERAPY |
| 653 ## - KEYWORDS--INDEX TERM | |
| Keyword term | PHYSIOLOGY OF EXERCISE AND HEALTY AGING |
| 942 ## - ADDED ENTRY ELEMENTS (KOHA) | |
| Source of classification or shelving scheme | Dewey Decimal Classification |
| Koha item type | Books |
| Withdrawn status | Lost status | Source of classification or shelving scheme | Damaged status | Not for loan | Collection code | Home library | Current library | Shelving location | Date acquired | Vendor Name | Cost, normal purchase price | SGTU | Bill Number | Total Checkouts | Full call number | Accession No. (Barcode) | Date last seen | Bill Date | Koha item type |
|---|---|---|---|---|---|---|---|---|---|---|---|---|---|---|---|---|---|---|---|
| Dewey Decimal Classification | Not For Loan | MEDICAL | SGT Medical Library | SGT Medical Library | Reference Book | 06/10/2025 | BRIJWASI BOOK DISTRIBUTORS DELHI | 10543.00 | SGTU | BW/000271 | 612.044 P22T | FM15550 | 04/11/2025 | 06/10/2025 | Books |